<?xml version="1.0" encoding="UTF-8"?>
<marc:record xmlns:marc="http://www.loc.gov/MARC21/slim">
   <marc:leader>00000nam a2200000 a 4500</marc:leader>
   <marc:datafield ind1="1" ind2=" " tag="100">
      <marc:subfield code="a">Gmehling, Will</marc:subfield>
      <marc:subfield code="4">aut</marc:subfield>
      <marc:subfield code="e">Verfasser/-in</marc:subfield>
   </marc:datafield>
   <marc:datafield ind1="0" ind2="0" tag="245">
      <marc:subfield code="a">Die 95. Minute</marc:subfield>
   </marc:datafield>
   <marc:datafield ind1="0" ind2="0" tag="245">
      <marc:subfield code="c">Gmehling, Will</marc:subfield>
   </marc:datafield>
   <marc:datafield ind1=" " ind2="1" tag="264">
      <marc:subfield code="a">Weinheim</marc:subfield>
      <marc:subfield code="b">Gulliver von Beltz &amp; Gelberg</marc:subfield>
      <marc:subfield code="c">2022</marc:subfield>
   </marc:datafield>
   <marc:datafield ind1="1" ind2=" " tag="490">
      <marc:subfield code="a">Super lesbar</marc:subfield>
   </marc:datafield>
   <marc:datafield ind1="1" ind2=" " tag="520">
      <marc:subfield code="a">Quelle: bn.bibliotheksnachrichten (http://www.biblio.at/literatur/bn/index.html); &#xD;
Autor: Julia Förster / PH Kärnten; &#xD;
Toni trägt eine Superkraft in sich, die es ihm ermöglicht den Fußball am Spielfeld zu steuern. (ab 9) (JE)&#xD;
Toni sieht sich gemeinsam mit seinem Papa zum ersten Mal ein Fußballspiel im Stadion an. Anfangs besteht dieses leider hauptsächlich aus Fehlpässen und ist dementsprechend fad. Doch plötzlich  wie aus dem Nichts  spürt Toni eine heiße, wilde Kraft, die sich von seinem Bauch über den Kopf bis hin aufs Spielfeld bewegt. Der Ball erstrahlt in einer silbernen funkelnden Farbe und das Spiel ist auf einmal in Zeitlupe und steuerbar durch Toni. Die Superkraft funktioniert jedoch nicht immer. Als er sich das nächste Mal das Match gegen die Bayern im Stadion ansieht, gibt es plötzlich Turbulenzen. Das ganze Spiel sowie auch Papas Geld, das er auf Online-Wetten setzt, steht auf der Kippe. Ob die Nachspielminuten noch einmal alles retten können?&#xD;
Diese Geschichte  bestehend aus 9 Kapiteln  eignet sich besonders für Fußballbegeisterte, jedoch nicht nur. Sie lädt zum Mitfiebern ein und die Spannung zieht sich bis zum Schluss. Die Geschichte wird aus Tonis Sicht erzählt. Er beschreibt viele Gedanken, weshalb man gut mit ihm mitfühlen und dadurch direkt in seine Rolle schlüpfen kann. Das Schriftbild ist sehr angenehm; durch die vielen Absätze ist die Geschichte für Kinder gut lesbar, auch für jene mit geringer Lesebegeisterung. Die Altersempfehlung für diese Fußballgeschichte liegt bei 9 Jahren.</marc:subfield>
   </marc:datafield>
   <marc:datafield ind1=" " ind2=" " tag="020">
      <marc:subfield code="a">9783407820044</marc:subfield>
      <marc:subfield code="9">9783407820044</marc:subfield>
   </marc:datafield>
   <marc:datafield ind1=" " ind2=" " tag="041">
      <marc:subfield code="a">ger</marc:subfield>
   </marc:datafield>
   <marc:datafield ind1=" " ind2=" " tag="300">
      <marc:subfield code="b">Illustrationen</marc:subfield>
   </marc:datafield>
   <marc:datafield ind1=" " ind2=" " tag="338">
      <marc:subfield code="a">Band</marc:subfield>
   </marc:datafield>
   <marc:datafield ind1=" " ind2=" " tag="300">
      <marc:subfield code="a">56 Seiten</marc:subfield>
   </marc:datafield>
</marc:record>
